00469 2200181 4500001002100000005001500021035002000036245006900056100002700125250000700152300003000159260003600189082001000225084001600235020001800251990000900269990000900278INLIS00000000000004920251020094603 a0010-10250000351 aPedoman budidaya Beternak Burung Puyuh /cTim Karya Tani Mandiri0 aTim Karya Tani Mandiri a1. avi + 122 hlm. ;c19,5 cm. aBandung :bNuansa Aulia,c2009. a636.5 a636.5 TIM p a9789790710511 a1632 a1633